000 00897nam a22002537a 4500
999 _c20552
_d20552
005 20191105083937.0
008 191105b xxu||||| |||| 00| 0 spa d
022 _a26652102
040 _aCO-BoIAVH
_cCO-BoIAVH
041 _aspa
044 _ack
082 _a333.707
_bF31p
110 _aColombia
_bFederación Nacional de Departamentos
245 _aPoder Regional:
_bGobernadores contra la deforestación.
260 _aBogotá:
_bFederación nacional de departamentos,
_c2019.
300 _a82 Páginas:
_bfotografías,
_c27 x 20 cm.
490 _aPoder regional:
_vNúmero 2: Abril - Junio de 2019
650 0 _aInforme de investigación
650 0 _aAgendas ambientales
650 0 _aDesarrollo regional
_x Aspectos ambientales
_zColombia.
650 0 _aDesarrollo sostenible
_zColombia
856 _uhttps://bit.ly/2XsjDCp
942 _2ddc
_cLIBRO